000
00269nam a2200109Ia 4500
008
230320s9999||||xx |||||||||||||| ||spa||
082
_a
268/G91
100
_a
Guittard, Louis
245
0
_a
La Evolucion Religiosa De Los Adolescentes
260
_b
HERDER
942
_8
0
_c
LIB
999
_c
27862
_d
27862